00684nam a2200193 a 450000500170000000800410001704000270005804100080008504400070009310000250010024501680012526000670029330000250036065000110038565000200039665000320041666200200044870000220046820200104041513.0140221b1997 ck ||||| |||| 00| 0 spa d aCO-BoIAVH cCO-BoIAVH  aspa ack1 aSandino, Juan Carlos14aDos años de la distribución de machos de abejas euglosinas en un gradiente de deforestación, bajo Anchicayá, Pacífico del Valle del Cauca:binforme final aCali:bFES, bInstituto Alexander von Humboldt, bWCS, c1997. a23 páginasbtablas16aAbejas16aDeforestación14aDistribución geográfica aColombiabCauca1 aOtero, Tupac Joel